Businessman's Japan : A Survey of Japan's "divine wind" economy in the 1960's
Saved in:
| Main Author: | |
|---|---|
| Format: | Book |
| Language: | Undetermined |
| Published: |
London
M. Joseph
1964
|
| Subjects: | |
| Tags: |
Add Tag
No Tags, Be the first to tag this record!
|
| Institutions: | Trung tâm Học liệu Trường Đại học Cần Thơ |
|---|
| LEADER | 00554nam a2200205Ia 4500 | ||
|---|---|---|---|
| 001 | CTU_79876 | ||
| 008 | 210402s9999 xx 000 0 und d | ||
| 082 | |a 330.9 | ||
| 082 | |b S253 | ||
| 100 | |a Sato, Takeshi | ||
| 245 | 0 | |a Businessman's Japan : | |
| 245 | 2 | |b A Survey of Japan's "divine wind" economy in the 1960's | |
| 245 | 0 | |c Takeshi Sato | |
| 260 | |a London | ||
| 260 | |b M. Joseph | ||
| 260 | |c 1964 | ||
| 650 | |a Economic conditions | ||
| 650 | |z Japan | ||
| 904 | |i Trọng Hải | ||
| 980 | |a Trung tâm Học liệu Trường Đại học Cần Thơ | ||